| 000 | 00575nam a22001937a 4500 | ||
|---|---|---|---|
| 005 | 20150202103555.0 | ||
| 010 | _aENG-107932 | ||
| 020 |
_c1995.00 _a9788180388125 |
||
| 035 | _aEN-91465 | ||
| 037 | _bDBAD/PUB | ||
| 100 | _aMulla, Dinshaw Fardunji | ||
| 245 | 0 | 0 |
_aThe transfer of property act / _cby Dinshaw Fardunji Mulla |
| 250 | _a11th ed | ||
| 260 |
_aGurgaon _bLexis Nexis _c2013 |
||
| 270 |
_a14th Floor, Bldg. No.10, Tower-B, DLF Cyber City, Phase-II _bGurgaon _e122002 |
||
| 300 |
_acclxxxi, 1098p. _c26cm(Hb) |
||
| 500 | _aIncludes index | ||
| 942 |
_2ddc _cEN _mMUL |
||
| 999 |
_c77371 _d77371 |
||